[Event "2nd Silman TNM: 2000+"]
[Site "San Francisco"]
[Date "2025.06.10"]
[Round "6.11"]
[White "Sankar, Arjun"]
[Black "Diller, Bradley R"]
[Result "0-1"]
[Annotator "Diller,Bradley R"]
[WhiteElo "1905"]
[BlackElo "2070"]
[PlyCount "86"]
[GameId "2188194166835249"]
[EventDate "2025.??.??"]

1. e4 e6 2. d4 d5 3. Nc3 Bb4 4. e5 c5 5. a3 Bxc3+ 6. bxc3 Nc6 7. Qg4 g6 8. h4 h6 9. Nf3 $6 {The knight obstructs the queen's mobility and renders the queen sortie Qa4 more effective.} (9. h5 $142 g5 10. f4 f5 11. Qg3 g4 12. dxc5 Qa5 13. Ne2 $14 {0-1 Giri,A (2792)-Carlsen,M (2830) Wch Blitz Almaty 2022 (7)}) 9... Qa5 10. Bd2 c4 ({I strongly considered Qa4 but did not see an effective response against 11 Bd3. If I play 12 c4 then 12 ... Bxg6 is very strong. If 11 ... Nge7 then 12 h5 forcing 12 ... g5 followed by the strong 13 Nh2 preparing both f4 and repositioning the knight on g4. However, simply 11 ... Bd7 is quite strong as 12 Bxg6 fxg6 13 Qxg6 fails to 13 ... Kf8.} 10... Qa4 $142 {[%emt 0:00:13]} 11. Bd3 Bd7 $1 12. O-O c4 $11) 11. h5 {White spent 45 minutes contemplating the enticing 12 Nxg5 sacrifice and later rejecting in in favor of 12 Be2 which was far worse. In retrospect, the sacrifice was his best chance at achieving equality.} g5 12. Be2 (12. Nxg5 hxg5 13. Qxg5 Nge7 14. Qg7 Rg8 15. Qf6 ({The provocative 15 h6 fails as follows:} 15. h6 $2 Rxg7 16. hxg7 Kd7) 15... Bd7 $15 {I thought I had a clear edge in this line, but Stockfish only gives a slight advantage to black.}) 12... Bd7 $6 ({I kept missing the thematic push f5 gaining space on the king side and forcing the queen to an awkward square.} 12... f5 $1 $17) 13. O-O O-O-O $6 (13... f5 $142 $1 $17) 14. Rfb1 Kb8 $2 (14... f5 $1 {Now 14 ... f5 would have been crushing. Kb8 is an error in making f5 push more difficult because the check is vulnerable on the king is vulnerable to a check on the diagonal after a later f5 push as we shall see shortly.} 15. Qg3 Be8 16. Nh2 Nxd4 $1 $19) 15. a4 Nce7 $6 (15... Ka8 $142 16. Qg3 Re8 17. Rb5 Qd8 $15) 16. Nh2 {Now, I finally do the f5 push but it is far less effective because white can play the equalizing17 exf6 as white gains a critical tempo with 18 Qg3+ thanks to my mistake with 14 ... Kb8.} f5 17. Qg3 (17. exf6 $142 Nxf6 18. Qg3+ Ka8 19. Bf3 Rdf8 $11) {I thought f4 was a natural idea to support piece activation, i.e., Nf5 followed by Nge7. However, the drawback of the push are a couple: First, the pawn push weakens g4 and allows white to establish a potential knight outpost on g4 followed by Nf6. Second, the more serious problem is that white can respond with 18 Qh3 supporting the powerful repositioning of the queen bishop on the a3 diagonal, as we shall shortly.} 17... f4 $2 (17... Ka8 $142 18. Bc1 Be8 19. Ba3 Nc6 20. Rb5 Qc7 $15) 18. Qg4 $2 ({Qh3 supporting the powerful repositioning of queen bishop on the a3 diagnal was far superior securing white a slight advantage.} 18. Qh3 $142 Nf5 19. Bc1 Rf8 20. Ba3 Rf7 21. Bb4 Qd8 $16) 18... Nf5 $1 $11 19. Rb4 Nge7 20. Qf3 {Preparing Nc6 but a6 weakens the b6 square and is entirely unnecessary. 20 .. Nc6 is decisive, because 21 Rb5 is met with the decisive 21... Nfxd4.} a6 $2 (20... Nc6 $142 $1 21. Rb5 Nfxd4 22. cxd4 Qxd2 $19) 21. Rab1 Bc8 22. g3 $2 (22. Bf1 Nc6 23. Rb6 Na7 (23... Qxa4 $2 24. Qd1 Na7 25. Ra1 Qe8 26. Qb1 $16) 24. R6b4 $11) 22... fxg3 23. fxg3 Rhf8 $2 {This was a plausible move, but allows the surprising 24 g4, found by Stockfish, forcing the knight to h4 giving black only a slight advantage. Would a human find this move?} (23... Nc6 $142 $17) 24. Qg2 $2 (24. g4 $1 Nh4 25. Qe3 Rf4 $15) {Now 24 ... Nc6 is decisive.} 24... Nc6 $19 {This loses quickly, but if the rook moves to any other square, Nxd4 wins.} 25. Rxc4 dxc4 26. Qxc6 Nxd4 27. cxd4 Qxd2 28. Bf3 Qxd4+ 29. Kh1 Rf7 30. Bg2 Ka7 31. Qe4 Qxe4 32. Bxe4 Rd4 33. Bf3 b6 34. Kg1 Bb7 35. Be2 Rd2 36. Re1 Rxc2 37. Ng4 Rd7 38. Nxh6 Rdd2 39. Kf1 Be4 40. Ng4 Rxe2 41. Rxe2 Bd3 42. h6 Rxe2 43. Nf2 Re3+ 0-1

[Event "2nd Silman TNM: 2000+"]
[Site "San Francisco"]
[Date "2025.06.10"]
[Round "6.12"]
[White "Smith, Roger Christopher"]
[Black "Cawthon, Jeremy David"]
[Result "1/2-1/2"]
[WhiteElo "1826"]
[BlackElo "2009"]
[PlyCount "132"]
[GameId "2187700216698927"]
[EventDate "2025.??.??"]

1. e4 c6 2. d4 d5 3. Nc3 dxe4 4. Nxe4 Nd7 5. Nf3 Ngf6 6. Nc3 e6 7. Bd3 c5 8. O-O Be7 9. a4 O-O 10. a5 cxd4 11. Nxd4 Nc5 12. Be2 e5 13. Ndb5 Bf5 14. Qxd8 Rfxd8 15. Na3 Ne6 16. Nc4 Nd4 17. Nxe5 Nxe2+ 18. Nxe2 Bxc2 19. Be3 Nd5 20. Bd4 Nf4 21. Nxf4 Rxd4 22. Rfc1 Bf5 23. Rc4 Rxc4 24. Nxc4 Rc8 25. Ne3 Be4 26. Nfd5 Bd8 27. b4 Kf8 28. Rd1 h5 29. f3 Bh7 30. Kf2 h4 31. g3 Rc6 32. Rd4 Rc1 33. gxh4 Bg6 34. Kg2 Ke8 35. f4 Re1 36. f5 Bh5 37. Re4+ Kf8 38. Nf4 Bg4 39. Rd4 Bf6 40. Rd3 Be2 41. Nxe2 Rxe2+ 42. Kh3 Rb2 43. Ng4 Be7 44. Rc3 Bd6 45. a6 bxa6 46. Rc8+ Ke7 47. Rg8 Bxb4 48. Rxg7 Bc3 49. Rg8 a5 50. Rc8 Rb3 51. Kg2 Kd7 52. Rf8 Rb4 53. Kf3 Ke7 54. Rc8 Bd4 55. h5 a4 56. h6 a3 57. f6+ Bxf6 58. Nxf6 a2 59. Rc7+ Kxf6 60. Rxa7 Rb2 61. Ra6+ Kg5 62. Kg3 f5 63. h7 Rb3+ 64. Kg2 Rb2+ 65. Kg3 Rb3+ 66. Kg2 Rb2+ 1/2-1/2

[Event "2nd Silman TNM: 2000+"]
[Site "San Francisco"]
[Date "2025.06.10"]
[Round "6.13"]
[White "Clemens, Kristian"]
[Black "Lewis, Edward"]
[Result "1/2-1/2"]
[Annotator "Winslow,Elliott"]
[WhiteElo "1965"]
[BlackElo "1950"]
[PlyCount "60"]
[GameId "2187700216698928"]
[EventDate "2025.??.??"]

1. Nf3 Nf6 2. c4 g6 3. Nc3 Bg7 4. g3 d6 5. Bg2 O-O 6. d4 c6 7. O-O Bg4 (7... Qa5) (7... Nbd7) (7... Bf5 $5) 8. h3 Bxf3 9. Bxf3 Nbd7 10. b3 Rb8 11. Qd2 a6 12. Bb2 c5 13. e3 b5 14. cxb5 axb5 15. a4 bxa4 16. bxa4 e5 17. Ba3 exd4 18. exd4 Qa5 19. dxc5 Rb3 20. Nb1 Qxd2 21. Nxd2 Rd3 22. Bc1 Nxc5 23. Ra3 Rxa3 24. Bxa3 Nxa4 25. Bxd6 Rd8 26. Nc4 Rc8 27. Ne3 Ne8 28. Ba3 Be5 29. Kg2 Nf6 30. Rc1 Rxc1 1/2-1/2

[Event "2nd Silman TNM: 2000+"]
[Site "San Francisco"]
[Date "2025.06.10"]
[Round "6.14"]
[White "Ivanenko, Anthony Vladimir"]
[Black "Horowitz, Phineas F"]
[Result "0-1"]
[Annotator "Winslow,Elliott"]
[WhiteElo "1913"]
[BlackElo "1921"]
[PlyCount "56"]
[GameId "2187700216698929"]
[EventDate "2025.??.??"]

1. c4 Nf6 2. g3 e6 3. Bg2 d5 4. Nf3 Be7 5. O-O c5 6. b3 Nc6 7. Bb2 d4 8. e3 e5 9. exd4 exd4 10. d3 O-O {[#]} 11. Re1 Bg4 12. Nbd2 Bd6 13. a3 a5 14. Qc2 h6 15. Ne4 Nxe4 16. Rxe4 Qd7 17. Nd2 Bh3 18. Bh1 f5 {[#]} 19. Ree1 f4 20. Bd5+ Kh8 21. Ne4 fxg3 22. fxg3 Ne5 23. Nxc5 {[#]} Qg4 24. Ne6 Nf3+ 25. Bxf3 Rxf3 26. Bxd4 {[#]} Bxg3 27. hxg3 Rxg3+ 28. Kh1 Qf3+ 0-1

[Event "2nd Silman TNM: 1600-1999"]
[Site "San Francisco"]
[Date "2025.06.10"]
[Round "6.15"]
[White "Mays-Smith, Isaac S"]
[Black "Marvin, Hayes Alexander"]
[Result "0-1"]
[Annotator "Winslow,Elliott"]
[WhiteElo "1643"]
[BlackElo "1919"]
[PlyCount "78"]
[GameId "2187700216698930"]
[EventDate "2025.??.??"]

1. d4 Nf6 2. c4 e6 3. g3 Bb4+ 4. Bd2 Qe7 5. Bg2 O-O 6. a3 Bxd2+ 7. Nxd2 d6 8. Ngf3 Nbd7 9. O-O Re8 10. e4 e5 11. a4 a5 12. Qc2 b6 13. Nh4 g6 14. Ra3 Rb8 15. Ndf3 Bb7 16. d5 Nc5 17. Ne1 Bc8 18. Nd3 Nfxe4 {[#]} 19. Nxe5 dxe5 (19... Qxe5 $1) 20. Bxe4 f5 21. Bf3 e4 22. Re1 Bd7 23. Bd1 Qf6 24. Be2 Bxa4 25. Rxa4 Nxa4 26. Qxa4 Qxb2 27. Qc6 Qg7 28. Ng2 g5 29. Bh5 Re7 30. Ne3 Rf8 {[#]} 31. d6 cxd6 32. Qd5+ Kh8 33. Nxf5 Qf6 34. g4 Re5 35. Qxd6 $4 Rxf5 36. Qxf6+ R5xf6 37. Rb1 Rxf2 38. Rxb6 e3 39. Re6 e2 0-1

[Event "2nd Silman TNM: 1600-1999"]
[Site "San Francisco"]
[Date "2025.06.10"]
[Round "6.16"]
[White "Dutter, Frederic"]
[Black "Touset, Stephen"]
[Result "1-0"]
[Annotator "Winslow,Elliott"]
[WhiteElo "1900"]
[BlackElo "1545"]
[PlyCount "38"]
[GameId "2187700216698931"]
[EventDate "2025.??.??"]

1. e4 d6 2. d4 Nf6 3. Nc3 e5 4. Bg5 exd4 5. Qxd4 Be7 6. O-O-O O-O 7. Bc4 Nbd7 8. Nf3 c6 9. Bxf6 Bxf6 10. Qxd6 Bxc3 11. bxc3 Qa5 12. Qb4 Qc7 13. Qd6 Qa5 {[#]} 14. Qd4 b5 15. Bd3 Nb6 16. e5 h6 {[#]} 17. Qe4 g6 18. Nh4 Kh7 19. Nxg6 Kg7 1-0

[Event "2nd Silman TNM: 1600-1999"]
[Site "San Francisco"]
[Date "2025.06.10"]
[Round "6.17"]
[White "Yan, Rayna"]
[Black "Boyer, John"]
[Result "1-0"]
[Annotator "Winslow,Elliott"]
[WhiteElo "1681"]
[BlackElo "1669"]
[PlyCount "103"]
[GameId "2187700216698932"]
[EventDate "2025.??.??"]

1. d4 Nf6 2. c4 g6 3. Nc3 d5 4. cxd5 Nxd5 5. e4 Nxc3 6. bxc3 Bg7 7. Bc4 c5 8. Ne2 Nc6 9. Be3 Qa5 10. O-O cxd4 11. cxd4 O-O 12. Rc1 Rd8 13. Qd3 Ne5 14. Qb3 Nxc4 15. Qxc4 Bd7 16. Qb3 Bb5 17. Rc5 a6 18. Qb2 Qb6 19. e5 Qe6 20. Nf4 Qf5 21. Rfc1 e6 22. Rc7 Bc6 23. Qe2 Bb5 24. Qf3 Bc6 25. Qe2 {[#]} g5 26. Nh5 Qg6 27. Nxg7 Kxg7 28. Qg4 Rac8 29. Rxc8 Rxc8 30. Qxg5 Qxg5 31. Bxg5 Rc7 32. f3 Rd7 33. Be3 Rd5 34. a3 Rb5 35. Rc3 Rb2 36. Bg5 h6 37. Be7 Kg6 38. Bb4 h5 39. Rc1 Ra2 40. Rc3 Kf5 41. Bc5 h4 42. Rb3 Rc2 43. Rb1 f6 44. exf6 Kxf6 45. Bd6 Kf5 46. Be7 h3 47. gxh3 Bxf3 48. h4 Rg2+ 49. Kf1 Rxh2 50. Rb3 Ke4 51. Bf6 Kf4 $4 52. Be5+ 1-0

[Event "2nd Silman TNM: 1600-1999"]
[Site "San Francisco"]
[Date "2025.06.10"]
[Round "6.18"]
[White "Pickering, Carl Anthony"]
[Black "Tam, Hoa Long"]
[Result "1-0"]
[WhiteElo "1621"]
[BlackElo "1564"]
[PlyCount "75"]
[GameId "2187700216698933"]
[EventDate "2025.??.??"]

1. d4 d5 2. e4 dxe4 3. Nc3 Nf6 4. Bg5 Bf5 5. f3 Nbd7 6. Qe2 exf3 7. Nxf3 c6 8. O-O-O g6 9. Ne5 Bg7 10. g4 Be6 11. h4 O-O 12. h5 Qa5 13. hxg6 hxg6 14. Bxf6 Nxf6 15. Qh2 Rfd8 16. Be2 Nxg4 17. Qh7+ Kf8 18. Bxg4 Bxg4 19. Rdf1 Be6 20. Nxg6+ Ke8 21. Qxg7 Qg5+ 22. Kb1 Qxg6 23. Qe5 Kd7 24. d5 cxd5 25. Nxd5 Rac8 26. Nc3 Rc6 27. Rd1+ Rd6 28. Nb5 Bg4 29. Nxd6 exd6 30. Qb5+ Kc8 31. Rdg1 f5 32. a3 Kb8 33. Rh2 Qe6 34. Rgh1 Qe5 35. Qb3 d5 36. Rh7 b6 37. Qa4 a5 38. R1h6 1-0

[Event "2nd Silman TNM: 1600-1999"]
[Site "San Francisco"]
[Date "2025.06.10"]
[Round "6.19"]
[White "Stults, Sawyer"]
[Black "Babayan, Gagik"]
[Result "0-1"]
[WhiteElo "1471"]
[BlackElo "1725"]
[PlyCount "74"]
[GameId "2187700216698934"]
[EventDate "2025.??.??"]

1. e4 e6 2. d4 d5 3. exd5 exd5 4. c4 c6 5. c5 Nf6 6. Nc3 Be7 7. Nf3 O-O 8. Be2 b6 9. b4 a5 10. Qa4 Bb7 11. Ne5 axb4 12. Qxb4 Nfd7 13. Nxd7 Nxd7 14. Rb1 Ba6 15. Bxa6 Rxa6 16. Be3 Qc7 17. O-O Rb8 18. cxb6 Nxb6 19. Qb3 Raa8 20. Qc2 Nc4 21. Rxb8+ Rxb8 22. Rb1 Rxb1+ 23. Qxb1 g6 24. Na4 Bd6 25. g3 h5 26. Nc5 h4 27. Qe1 hxg3 28. hxg3 Qe7 29. Kg2 Bxc5 30. dxc5 Qe4+ 31. Kf1 d4 32. Bf4 Qh1+ 33. Ke2 Qd5 34. Qb4 d3+ 35. Kd1 Qf3+ 36. Kc1 Qh1+ 37. Qe1 Qxe1# 0-1

[Event "2nd Silman TNM: 1600-1999"]
[Site "San Francisco"]
[Date "2025.06.10"]
[Round "6.20"]
[White "Zhanaidarov, Orynbay"]
[Black "Siegel, David"]
[Result "1/2-1/2"]
[Annotator "Siegel,David"]
[WhiteElo "1639"]
[BlackElo "1462"]
[PlyCount "92"]
[GameId "2187792882043108"]
[EventDate "2025.??.??"]

1. e4 c5 2. Nf3 Nc6 3. d4 cxd4 4. Nxd4 Nf6 5. f3 e6 6. c4 Qb6 7. Nb5 Bc5 ({The computer move here is} 7... d5 $1 {I saw that this drops a pawn, but apparently the attack against the White king is so strong that Black can also sac the c6 knight. Wild!} {An example line is} 8. cxd5 exd5 9. exd5 Bc5 10. dxc6 Bf2+ 11. Ke2 O-O {winning for Black!}) 8. Nd6+ Ke7 9. Nxc8+ Rhxc8 10. Be2 {I wasn't exactly sure how to proceed here. I liked my control over the g1-a7 diagonal and it seemed like it would take my opponent a couple of turns to untangle. I decided to give a check to prevent my opponent from castling, and then see if I could somehow take advantage of my lead in development. But I would be too slow and my opponent too crafty. The computer move here was again d5, following the same themes as move 7.} Bf2+ 11. Kf1 Bc5 12. a3 a5 13. Nc3 {The Black knight is now threatening to land a fork on a4, so I wanted to save my bishop.} Qd8 14. f4 Kf8 15. e5 Ne8 16. Qd3 f5 17. Be3 Bxe3 18. Qxe3 d6 19. Rd1 Qe7 20. exd6 Nxd6 21. c5 Nf7 22. g4 Qf6 23. gxf5 exf5 24. Nd5 {Threatening the queen and a rook fork on b6, but I had anticipated this.} Qxb2 25. Rd2 Qb1+ 26. Kg2 Qe4+ 27. Qxe4 fxe4 28. Nb6 Rd8 29. Rhd1 Rxd2 30. Rxd2 {I took some time here and decided I didn't want to allow the White rook to get to d2; the position would be defensible but sad. I also didn't love my knight on f7 since its mobility was limited by the pawns on f4 and c5, and a rook trade would have activated that piece.} Rd8 31. Rb2 Nd4 32. Bc4 e3 33. Nd5 Re8 34. Kf1 Nd8 35. Bd3 g6 $6 ({The computer finds a back-breaking move:} 35... N8e6 $1 {If White takes the e-pawn or the b-pawn, then 36... Nxc5 wins a piece. While if 36.Bxh7, ... e2 wins the exchange (or queens).}) 36. Nf6 Re7 37. Nd5 Re8 38. Nf6 Re7 39. Nd5 {A draw was offered but I wanted to play a few more moves.} e2+ 40. Bxe2 Rxe2 41. Rxe2 Nxe2 42. Kxe2 Ne6 43. Kd3 Nxc5+ 44. Kc4 Nd7 45. Kb5 Kf7 46. Kxa5 Ke6 {Draw agreed. Great game!} 1/2-1/2

[Event "2nd Silman TNM: 1600-1999"]
[Site "San Francisco"]
[Date "2025.06.10"]
[Round "6.22"]
[White "Schaezlein, Charlie"]
[Black "Casares, Nick"]
[Result "1-0"]
[Annotator "Winslow,Elliott"]
[WhiteElo "1506"]
[BlackElo "1600"]
[PlyCount "57"]
[GameId "2187700216698936"]
[EventDate "2025.??.??"]

1. e4 e5 2. Nf3 Nc6 3. d4 exd4 4. Nxd4 Bc5 5. Nb3 Bb6 6. Qe2 d6 7. Be3 Nf6 8. Nc3 O-O 9. O-O-O Ne5 10. h3 h6 11. f4 Nc6 12. e5 Ne8 13. g4 Bxe3+ 14. Qxe3 Qh4 15. Bg2 g6 16. Kb1 Be6 17. Bxc6 bxc6 18. Nd4 Bd7 19. Nf3 Qe7 20. Rhg1 Kh7 21. h4 Nf6 {[#]} 22. f5 $1 $18 gxf5 $6 23. g5 $6 (23. gxf5) 23... Ng4 24. Qf4 $4 (24. Qd4 $16) (24. Qd2 $16) (24. Rxg4 $1 fxg4 25. Ne4 $1 Bf5 (25... gxf3 26. Nf6+ Kg7 27. gxh6+ Kh8 28. Qe4 Qxf6 29. exf6) (25... f5 26. gxf6) 26. Nf6+ Kh8 27. Nd4 Bg6 (27... Bh7) 28. Qc3 $1) 24... Be6 $4 (24... dxe5 $19) 25. exd6 cxd6 26. Rde1 Qd7 27. gxh6 f6 28. Nd4 Ne5 29. Rg7+ 1-0

[Event "2nd Silman TNM: u1600"]
[Site "San Francisco"]
[Date "2025.06.10"]
[Round "6.23"]
[White "Booth, Kyle Ewart Coventry"]
[Black "Merk, Felix Elias"]
[Result "1-0"]
[WhiteElo "1246"]
[BlackElo "1267"]
[PlyCount "81"]
[GameId "2187700216698937"]
[EventDate "2025.??.??"]

1. e4 c5 2. Nf3 Nc6 3. d4 cxd4 4. Nxd4 g6 5. c4 Bg7 6. Be3 Nf6 7. Nc3 O-O 8. Be2 d6 9. f3 Re8 10. Qd2 Nxd4 11. Bxd4 Nd7 12. Bxg7 Kxg7 13. O-O Nc5 14. Rad1 Bd7 15. b3 Rb8 16. h4 h6 17. f4 Bc6 18. b4 Ne6 19. f5 Nf8 20. fxg6 fxg6 21. b5 Qb6+ 22. Kh1 Bd7 23. Qf4 Be6 24. Nd5 Qc5 25. Nxe7 Qe5 26. Qxe5+ dxe5 27. Nd5 Nd7 $4 28. Nc7 Re7 29. Nxe6+ Rxe6 30. Rxd7+ Kg8 31. c5 a6 32. Bc4 Rbe8 33. Rxb7 axb5 34. Rxb5 Kg7 35. Bxe6 Rxe6 36. Rb7+ Kg8 37. Rc1 Rc6 38. Rb6 Rc7 39. c6 g5 40. Rb8+ Kh7 41. Rb7 1-0

[Event "2nd Silman TNM: u1600"]
[Site "San Francisco"]
[Date "2025.06.10"]
[Round "6.24"]
[White "Sloan, Sacha Marino"]
[Black "Fitzgerald, William"]
[Result "1-0"]
[Annotator "Winslow,Elliott"]
[WhiteElo "1056"]
[BlackElo "1263"]
[PlyCount "101"]
[GameId "2187700216698938"]
[EventDate "2025.??.??"]

1. e4 e5 2. Nf3 Nc6 3. Bc4 Be7 4. d4 d6 5. dxe5 dxe5 6. Qxd8+ Bxd8 7. Be3 Nf6 8. Nc3 Bg4 9. h3 Bxf3 10. gxf3 Nd4 11. Bxd4 exd4 12. Ne2 (12. Nb5) 12... c5 (12... g6 $1) 13. Rg1 g6 14. Nf4 Bc7 15. Nd5 Bd8 16. Bb5+ Kf8 17. Nxf6 Bxf6 18. f4 a6 19. Be2 Rg8 20. e5 Bh4 21. Rg4 Be7 22. O-O-O h5 23. Rg2 Kg7 24. Bxh5 Kh6 25. Bf3 Rab8 26. Rdg1 Kh7 27. f5 gxf5 28. Rxg8 Rxg8 29. Rxg8 Kxg8 30. Bxb7 a5 31. Bc8 Bh4 32. f3 Bg3 33. e6 Bf4+ 34. Kd1 fxe6 35. Bxe6+ Kg7 36. Bxf5 Bg3 37. Kd2 Kf6 38. Bg4 Ke5 39. Kd3 Kd5 40. b3 Be1 41. f4 Bg3 42. f5 Bh4 43. Bh5 Be7 44. Bf7+ Kc6 45. Kc4 Kd6 46. Kb5 Bd8 47. h4 Bxh4 48. Kxa5 Be1+ 49. Kb6 Bb4 50. a4 Kd7 51. a5 1-0

[Event "2nd Silman TNM: u1600"]
[Site "San Francisco"]
[Date "2025.06.10"]
[Round "6.25"]
[White "Quinn, Dahlia"]
[Black "Wickliffe, Zachary"]
[Result "1/2-1/2"]
[Annotator "Winslow,Elliott"]
[WhiteElo "1329"]
[BlackElo "1347"]
[PlyCount "109"]
[GameId "2187700216698939"]
[EventDate "2025.??.??"]

1. d4 Nf6 2. c4 c5 3. d5 b5 4. Qc2 bxc4 5. e4 e6 6. Bxc4 exd5 7. exd5 d6 8. Nc3 Be7 9. Nge2 O-O 10. O-O Nbd7 11. Ng3 Nb6 12. b3 Nxc4 13. bxc4 Re8 14. Rb1 Ng4 15. Nce4 Bd7 16. Bf4 Qc7 17. Rfe1 Bf8 {[#]} 18. Ng5 g6 19. Nh5 $4 Bf5 $19 20. Qc3 Bxb1 21. Rxb1 gxh5 22. Qg3 Kh8 23. Qd3 Nf6 24. Qf5 Qe7 25. g4 {[#]} h6 $2 (25... Kg8 $19) (25... Rad8 $19) 26. Bxd6 $1 $11 Qd7 (26... Qe2 $11) 27. Qxf6+ Bg7 28. Nxf7+ Kh7 $2 (28... Kg8 $1 29. Nxh6+ Bxh6 30. Qxh6 Qxg4+ 31. Bg3 Rab8 $11 32. Rxb8 Rxb8 33. h3 Rb1+ 34. Kh2 Qe4 35. Qg5+ Kf8 $11) 29. Qf4 $6 (29. Qf5+ $1 Qxf5 30. gxf5 Re4 31. Rb7 Rxc4) 29... Qxg4+ 30. Qxg4 hxg4 $11 {/} 31. Bxc5 Rec8 32. Rb5 a6 33. Ra5 Bc3 34. Ra3 Rxc5 $6 35. Rxc3 Ra7 $2 36. Ne5 $18 h5 $6 37. d6 $2 $11 (37. Nd3 $1 $18 {and 6 others}) 37... Rxe5 38. c5 Rd5 39. c6 Rxd6 40. c7 Ra8 41. c8=Q Rxc8 42. Rxc8 Kg6 43. Rc5 Rf6 44. Ra5 Re6 45. Kg2 Rf6 46. Kg3 Rf3+ 47. Kg2 Rf6 48. h3 gxh3+ 49. Kxh3 Rxf2 50. Rxa6+ Rf6 51. Ra5 Rf5 52. Rxf5 Kxf5 53. a4 Ke6 54. a5 Kd7 55. a6 1/2-1/2

[Event "2nd Silman TNM: u1600"]
[Site "San Francisco"]
[Date "2025.06.10"]
[Round "6.26"]
[White "Singer, Andrew"]
[Black "Kojevnikov, Alexander"]
[Result "0-1"]
[WhiteElo "1051"]
[BlackElo "1044"]
[PlyCount "62"]
[GameId "2187700216698940"]
[EventDate "2025.??.??"]

1. e4 c5 2. Nf3 e6 3. d4 cxd4 4. Nxd4 Nf6 5. Nc3 Nc6 6. Ndb5 Bb4 7. a3 Bxc3+ 8. Nxc3 O-O 9. Bg5 h6 10. Bh4 Ne5 11. Qd6 Ng6 12. Bg3 b6 13. O-O-O Bb7 14. f3 Rc8 15. Bb5 Bc6 16. Ba6 Ra8 17. Nb5 Ne8 18. Qd4 Bxb5 19. Bxb5 Qg5+ 20. Rd2 Qxb5 21. Qxd7 Qxd7 22. Rxd7 Nf6 23. Rd6 Rfd8 24. Rhd1 Rxd6 25. Rxd6 Kf8 26. Be1 Ke8 27. Bc3 Nf4 28. Bxf6 gxf6 29. g3 Ng6 30. c4 Rd8 31. Rc6 Kd7 0-1

[Event "2nd Silman TNM: u1600"]
[Site "San Francisco"]
[Date "2025.06.10"]
[Round "6.28"]
[White "Le, Thu Anh"]
[Black "Starr, Albert Martin"]
[Result "1/2-1/2"]
[WhiteElo "1217"]
[BlackElo "1500"]
[PlyCount "72"]
[GameId "2187700216698942"]
[EventDate "2025.??.??"]

1. d4 b5 2. e4 Bb7 3. Nd2 b4 4. Ngf3 e6 5. c4 c5 6. d5 exd5 7. cxd5 d6 8. Bb5+ Nd7 9. O-O Ngf6 10. Nc4 Be7 11. e5 Nxd5 12. exd6 Bf6 13. Re1+ Kf8 14. Bxd7 Qxd7 15. Bg5 g6 16. Bxf6 Nxf6 17. Nce5 Qf5 18. d7 Kg7 19. Qe2 Bxf3 20. Nxf3 Nxd7 21. Rad1 Rhd8 22. Qe7 Qf6 23. Qe2 a5 24. Qb5 Qb6 25. Qc4 Nf6 26. Ng5 Qc7 27. Rc1 h6 28. Ne4 Nxe4 29. Rxe4 Rac8 30. a3 Qd7 31. h3 Qd3 32. Qxd3 Rxd3 33. axb4 Rb8 34. bxa5 Rxb2 35. Rxc5 Ra3 36. Rec4 Rba2 1/2-1/2

[Event "2nd Silman TNM: u1600"]
[Site "San Francisco"]
[Date "2025.06.10"]
[Round "6.29"]
[White "Myers, Steven Lee"]
[Black "Toczyski, David Paul"]
[Result "0-1"]
[WhiteElo "1171"]
[BlackElo "1369"]
[PlyCount "106"]
[GameId "2187700216698943"]
[EventDate "2025.??.??"]

1. e4 c5 2. c3 d5 3. Bb5+ Bd7 4. Na3 a6 5. Bxd7+ Qxd7 6. e5 Nc6 7. d4 c4 8. h3 e6 9. Bf4 Nge7 10. Nf3 Ng6 11. Bg5 h6 12. Bd2 Be7 13. O-O O-O 14. Re1 b5 15. Qc1 Kh7 16. b4 Qd8 17. Nc2 f5 18. g3 a5 19. a3 Rf7 20. Kh2 Qf8 21. Rg1 f4 22. g4 Nh4 23. Nce1 Bd8 24. Qd1 Nxf3+ 25. Nxf3 g5 26. Qc2+ Kg8 27. Qg6+ Qg7 28. Qxg7+ Kxg7 29. Kg2 Rfa7 30. Rh1 axb4 31. cxb4 Rxa3 32. Rxa3 Rxa3 33. Rb1 Be7 34. Ne1 Nxd4 35. Rb2 Nc6 36. Nc2 Ra8 37. Bc3 Rd8 38. Nd4 Nxd4 39. Bxd4 Ra8 40. f3 Kf8 41. Kf2 Ke8 42. Rb1 Kd7 43. Bc3 Bd8 44. Ra1 Rxa1 45. Bxa1 Bb6+ 46. Ke2 d4 47. Kd2 Kc6 48. Ke2 Kd5 49. Kd2 Kxe5 50. Ke2 Kd5 51. Kd2 e5 52. Ke2 c3 53. Kd3 Bc7 0-1